Catalog

Record Details

Catalog Search



Čechy v době Husově : 1378 - 1415 /  F. M. Bartoš Cover Image Book Book

Čechy v době Husově : 1378 - 1415 /  F. M. Bartoš

Record details

  • Physical Description: 498 s.
  • Edition: 1. vyd.
  • Publisher: Praha :  Jan Laichter ,  1947

Available copies

  • 3 of 3 copies available at Common Catalog SPOK.

Holds

  • 0 current holds with 3 total copies.
Show Only Available Copies
Location Call Number / Copy Notes Barcode Shelving Location Status Due Date
ETS Library 274.3705 424470009518 Volný výběr Available -
ETS Library 274.3705 424470018808 Volný výběr Available -
ETS Library 274.3705 424470019661 Volný výběr Available -

LDR 00671nam a2 00241
00142850
003CZ-PrJAB
00520210630093437.0
008030506s1947 xr e |||| |cze
009cz
035 . ‡a(CONS)1650
035 . ‡aKPS3935
041 . ‡acze
08214. ‡a274.3705
100 . ‡75547 ‡aBartoš, František M.
245 . ‡aČechy v době Husově : ‡b1378 - 1415 /  ‡nF. M. Bartoš
250 . ‡a1. vyd.
260 . ‡aPraha :  ‡bJan Laichter ,  ‡c1947
300 . ‡a498 s.
653 . ‡aČechy v době Husově
8524 . ‡bETS ‡bETS ‡cVolný výběr ‡j274.3705 ‡gA ‡p424470009518
8524 . ‡bETS ‡bETS ‡cVolný výběr ‡j274.3705 ‡gA ‡p424470002419
910 . ‡aABG450
999 . ‡a1650 ‡bAUTOGEN ‡c1650 ‡tbiblio
905 . ‡uadmin
901 . ‡a42850 ‡bCZ-PrJAB ‡c42850 ‡tbiblio ‡sets

Additional Resources